Синтез и исследование некоторых ацетиленовых соединений ∆3-циклогексенового ряда: автореферат диссертации на соискание ученой степени кандидата химических наук

Bibliografske podrobnosti
Glavni avtor: Купятис Г.-К.
Korporativna značnica: Вильнюсский государственный университет
Drugi avtorji: Веса В. (научный руководитель), Мозолис В.
Izvleček:Защита сост. 28.08.1967 г.
Jezik:ruščina
Izdano: Вильнюс, [Б. и.], 1967
Teme:
Format: Knjiga
KOHA link:https://koha.lib.tpu.ru/cgi-bin/koha/opac-detail.pl?biblionumber=328378

MARC

LEADER 00000nam0a2200000 4500
001 328378
005 20231102004044.0
035 |a (RuTPU)RU\TPU\book\354078 
090 |a 328378 
100 |a 20170216d1967 k y0rusy50 ca 
101 0 |a rus 
102 |a LT 
105 |a a dm 001zy 
200 1 |a Синтез и исследование некоторых ацетиленовых соединений ∆3-циклогексенового ряда  |e автореферат диссертации на соискание ученой степени кандидата химических наук  |f Г.-К. Купятис  |g Вильнюсский государственный университет ; науч. рук. В. Веса ; науч. рук. В. Мозолис 
210 |c [Б. и.]  |d 1967  |a Вильнюс 
215 |a 18 с.  |c ил. 
300 |a Защита сост. 28.08.1967 г. 
320 |a Библиогр.: с. 18 (6 назв.) 
606 1 |a Ацетилен, соединения  |x Химия  |2 stltpush  |3 (RuTPU)RU\TPU\subj\29837  |9 53084 
610 1 |a авторефераты диссертаций 
610 1 |a ацетиленовые соединения 
610 1 |a ацетиленовые спирты 
610 1 |a дихлоркарбены 
610 1 |a циклогексены 
610 1 |a ацетиленовые амины 
610 1 |a диамины 
610 1 |a диацетиленовые гликоли 
610 1 |a ацетиленовые кетокислоты 
675 |a 547.362(04)  |v 4 
700 1 |a Купятис  |b Г.-К. 
702 1 |a Веса  |b В.  |4 727 
702 1 |a Мозолис  |b В.  |4 727 
712 0 2 |a Вильнюсский государственный университет  |2 stltpush  |3 (RuTPU)RU\TPU\col\11994  |9 25315 
801 1 |a RU  |b 63413507  |c 20170216 
801 2 |a RU  |b 63413507  |c 20201201  |g RCR 
942 |c BK